00000000nam##2200000za#4500
0019.618778
003CaOODSP
00520210615103038
007ta
008150406|2008||||xxc|||||     f|0| 0 eng|d
022 |a0706-6473
040 |aCaOODSP|beng
043 |an-cn---
0861 |aFs97-4/2738E
1101 |aCanada. |bDepartment of Fisheries and Oceans.
24510|aResearch and goal priorities for fish habitat management : |bscience support requirements for implementing the fish habitat protection provisions of the Fisheries Act / |cby D.J. Walks, B. Fallis, and D. Ming.
260 |aBurlington - Ontario : |bFisheries and Oceans Canada |c2008.
300 |avi, 63p. : |bfigs., references, tables ; |c28 cm.
4901 |aCanadian manuscript report of fisheries and aquatic sciences|x0706-6473|v2738
5203 |aThe scientific accountability of Fisheries and Oceans Canada Fish Habitat Management (FHM) decisions relies on a strong link between fish management biologists and fish habitat researcher. This document strengthens this link by identifying, for Fisheries and Oceans Canada Science (DFO-Science), FHM research needs required to support effective and defensible decisions with regard to works or undertakings affecting fishes or fish habitat.
546 |a(Résumé en français.)
563 |aSpiral binding
590 |a08-17|b2008-04-25
7201 |aMing, D.
7201 |aWalks, D. J.
7201 |aFallis, B.
7760#|tResearch and goal priorities for fish habitat management : |w(CaOODSP)9.580032
830#0|aCanadian manuscript report of fisheries and aquatic sciences,|x0706-6473|v2738|w(CaOODSP)9.514688